El desarrollo y formación de los hijos e hijas desde la perspectiva del padre

Đã lưu trong:
Chi tiết về thư mục
Tác giả chính: Morales Ahumada, Francisca (autora)
Định dạng: Sách
Ngôn ngữ:Tiếng Tây Ban Nha
Được phát hành: Santiago CIDE 2001
Loạt:Documentos, 2
Những chủ đề:
Các nhãn: Thêm thẻ
Không có thẻ, Là người đầu tiên thẻ bản ghi này!

MARC

LEADER 00000nam a2200000 a 4500
001 UCM7352
003 CL-VaPUC
008 021213e20010000CL |||||||||||||||||spa|d
082 0 4 |a 306.8742  |b MOR  |2 21 
100 |a Morales Ahumada, Francisca  |e autora  |9 472945 
245 1 3 |a El desarrollo y formación de los hijos e hijas desde la perspectiva del padre 
300 |a 55 p 
942 |c BK 
945 |d 20021213 00:00:00  |a cmena 
260 |a Santiago  |b CIDE  |c 2001 
650 0 |a Relación padres e hijos  |9 458139 
650 0 |a Padres e hijos  |9 307753 
650 7 |a ROL PATERNO  |2 CL-VaPUC  |9 472937 
650 0 |a Vida familiar  |9 308049 
583 |a last modification  |c 20021213 00:00:00  |k Rodrigo Vera 
490 0 |a Documentos, 2 
999 |c 302194  |d 302192 
952 |0 0  |1 0  |4 0  |6 306_874200000000000_MOR_2001  |7 0  |8 P  |9 362304  |a BIBEDU  |b BIBEDU  |c BIBEDU_PB  |d 2019-11-21  |i 3861902  |o 306.8742 MOR 2001  |p 3861902  |r 2024-01-25  |w 2019-11-21  |y BK  |k EPE